000 00640nam a22001937a 4500
008 100316s20092009ii|||||r|||| 001 0 eng d
020 _a8121928591
082 _222
_a621
_bRAJ
100 _912747
_aRajput, R. K.
245 _aA Textbook of Mechatronics/
_cR. K. Rajput
250 _aRev. ed.
260 _aNew Delhi:
_bS.Chand, 2009
_c2009
300 _a684 p.:
_bill.;
_c23 cm.
500 _aIncludes index
650 _912770
_aMechanical engineering
650 _911207
_aMechatronics.
942 _2ddc
_cBB
999 _c13700
_d13700